The components of elections: district-time effects, district heterogeneity, and volatility /

Đã lưu trong:
Chi tiết về thư mục
Tác giả chính: Mongenstern, Scott
Tác giả khác: Potthoff, Richard F.
Định dạng: Texto
Những chủ đề:
Các nhãn: Thêm thẻ
Không có thẻ, Là người đầu tiên thẻ bản ghi này!

MARC

LEADER 00000 a a2200000 04500
001 1838
003
040
100 |a Mongenstern, Scott  
245 |a The components of elections:   |b district-time effects, district heterogeneity, and volatility /  |c Scott Mongenstern 
650 |a ELECCIONES  
650 |a POLITICA  
650 |a CIENCIA POLITICA  
650 |a NACIONALIZACION  
650 |a AMERICA LATINA  
700 |a Potthoff, Richard F.  
773 |g número 2; páginas 29-71  
999 |c 23626  |d 23626